|
|
|
|
| LEADER |
00000nam a22000007a 4500 |
| 005 |
20210105001856.0 |
| 007 |
cr|||| |||| |
| 008 |
210105s2014 br |||||s|||| 00||0 por d |
| 020 |
|
|
|a 978-85-8248-034-2
|
| 035 |
|
|
|a 32494
|
| 040 |
|
|
|a vLex
|
| 090 |
|
|
|c 11052
|d 11052
|
| 100 |
1 |
|
|a Laurelli, Laercio
|
| 245 |
1 |
0 |
|a Iniciaȯ̂ e formaȯ̂ do advogado criminalista
|h [Recurso electrn̤ico] /
|c Laercio Laurelli
|
| 256 |
|
|
|a Servicio en ln̕ea
|
| 260 |
|
|
|a San Pablo:
|b Letras Jurídicas Editora,
|c 2014
|
| 300 |
|
|
|a 1 recurso electrn̤ico
|
| 500 |
|
|
|a Ao me referir a esta obra singular, nô poderia deixar de tecer certos comentr̀ios sobre o autor, o Eminente Desembargador Laercio Laurelli, que sempre preocupado com o aperfeiȯamento jurd̕ico dos advogados recm̌-formados, busca mecanismos eficazes para alcanȧr tô especf̕ica tarefa.
|
| 506 |
1 |
|
|a Disponible solo en los productos indicados
|d vLex Global
|d vLex Global (Academic Edition, excluding Law Schools)
|d vLex Global (U.S. Academic Edition, Law Schools)
|d vLex Global (U.S. Academic Edition, excluding Law Schools)
|d vLex Global (Academic Edition, Law Schools)
|
| 650 |
0 |
4 |
|a Abogados
|z Brasil
|
| 650 |
0 |
4 |
|a Derecho Penal
|z Brasil
|
| 650 |
0 |
4 |
|a Procedimiento Penal
|z Brasil
|
| 740 |
0 |
|
|a vLex Libros (Servicio en ln̕ea)
|
| 856 |
4 |
0 |
|u http://vlex.com/source/inicia-o-e-forma-o-do-advogado-criminalista-32494
|z Acceso restringido
|
| 942 |
|
|
|c BOOK
|
| 999 |
0 |
|
|a Lawyers
|
| 999 |
0 |
|
|a Criminal Law
|
| 999 |
0 |
|
|a Criminal Procedure
|